MDQL
is popping MORE tags! Check the
thread
!
Quizzes
Events
Quiz Creation
Community
Videos
Private Events
Remove Ads
Sign In
Join for FREE
Feedback
Dark Mode
Quiz Categories
Sports
Geography
Music
Movies
Television
Just For Fun
Miscellaneous
History
Literature
Language
Science
Gaming
Entertainment
Religion
Holiday
For Kids
Quiz Lab
Recent
Popular Today
Quiz Kudos Today
Editor Picks
Curator Picks
Quizzes by...
Day
Popularity
Type
Ratings
Length
Year
Community
Subscriptions
Recent Discussions
Orange Saloon
Badges
Playlists
Quests
Create
Leaderboards
Showdown
Live 5
Trivia Bingo
Activity
Puzzle Library
Sporcle Events
Private Events
Virtual Trivia
Globe League
Become a Host
Pub Owners
SporcleCon
Opinionation
Our Games
Videos
Blog
Mobile Apps
Partnerships
Remove Ads and Go Orange
Feedback
Just For Fun
Clickable
Get the Picture
Humor
Quick Pick
Word Ladder
Missing Word
Mixed Word
Blitz
Minefield
This or That
Alphabet
Color
Typing
Sporcle
Puzzle
Word Play
Follow That Line
Logic
Just For Fun
Clickable
Get the Picture
Humor
Quick Pick
Word Ladder
Missing Word
Mixed Word
Blitz
Minefield
This or That
Alphabet
Color
Typing
Sporcle
Puzzle
Word Play
Follow That Line
Logic
Random Quiz
Search Sporcle
×
Quiz Lab
Quiz Lab
Just For Fun
1-200
Type in answers that appear in a list
Type in answers that appear in a list
Classic
Best Score? Go Orange.
Can you type the numbers in from 1-150 in 4 minutes Stats
Can you name the can you type the numbers in from 1-200 in 3minutes?
By
soccershark
4m
150 Questions
115 Plays
115 Plays
115 Plays
Comments
Comments
Give Quiz Kudos
Give Quiz Kudos
-
- Ratings
hide this ad
More Info
Replay
Link that replays current quiz
Next Quiz
Link to next quiz in quiz playlist
You Got
0%
They Got
Avg Score
90%
Avg Friend Score
Upgrade to see
Score Distribution
Jump to the score distribution portion of the page
Score
0/150
Timer
04:00
0
Plays Today
Look Here!
Answer here!
% Correct
12
99.1%
11
98.3%
10
97.4%
13
96.5%
14
96.5%
15
96.5%
19
95.7%
23
95.7%
31
95.7%
16
94.8%
17
94.8%
18
94.8%
20
94.8%
21
94.8%
22
94.8%
24
94.8%
25
94.8%
26
94.8%
27
94.8%
28
94.8%
29
94.8%
30
94.8%
33
93.9%
45
93.9%
46
93.9%
32
93%
34
93%
35
93%
36
93%
37
93%
38
93%
40
93%
41
93%
44
93%
47
93%
48
93%
49
93%
50
93%
51
93%
54
93%
55
93%
56
93%
58
93%
64
93%
put a zero from 01-
09
01
92.2%
04
92.2%
05
92.2%
06
92.2%
39
92.2%
42
92.2%
Look Here!
Answer here!
% Correct
43
92.2%
52
92.2%
53
92.2%
57
92.2%
59
92.2%
60
92.2%
61
92.2%
63
92.2%
65
92.2%
66
92.2%
02
91.3%
03
91.3%
07
91.3%
08
91.3%
09
91.3%
62
91.3%
68
91.3%
70
91.3%
74
91.3%
76
91.3%
77
91.3%
78
91.3%
80
91.3%
88
91.3%
90
91.3%
67
90.4%
69
90.4%
71
90.4%
72
90.4%
73
90.4%
75
90.4%
79
90.4%
81
90.4%
82
90.4%
83
90.4%
84
90.4%
85
90.4%
86
90.4%
89
90.4%
91
90.4%
92
90.4%
93
90.4%
95
90.4%
99
90.4%
87
89.6%
94
89.6%
96
89.6%
97
89.6%
98
89.6%
100
89.6%
Look Here!
Answer here!
% Correct
101
89.6%
102
89.6%
103
89.6%
104
89.6%
105
89.6%
106
89.6%
107
89.6%
111
89.6%
108
88.7%
109
88.7%
114
88.7%
112
87.8%
115
87.8%
121
87.8%
110
87%
113
87%
116
87%
119
87%
120
87%
117
86.1%
118
86.1%
122
86.1%
123
86.1%
125
86.1%
130
86.1%
124
85.2%
126
85.2%
127
85.2%
128
85.2%
129
85.2%
140
85.2%
131
84.3%
133
84.3%
141
84.3%
132
83.5%
134
83.5%
135
83.5%
136
83.5%
137
83.5%
138
83.5%
139
83.5%
142
83.5%
143
82.6%
150
82.6%
144
81.7%
145
81.7%
146
81.7%
147
81.7%
148
81.7%
149
81.7%
Quiz Playlist
Details
Report
Send in Message
Add To Playlist
More Info:
please put a zero from one to nine example: 01-09
Classic:
Type in answers that appear in a list
Last Updated: Feb 16, 2017
Quiz Scoreboard
CHALLENGE
Sign Up to Join the Scoreboard
Show All
Scores
Hide
Comments
May contain spoilers
Recently Published
Colored Red Africa Blitz
by spor1
Geography
30s
Find the 'City' Movie
by crazypaving
Movies
60s
5x2 Blitz: Bands
by SL_Kpop136
Music
30s
More to Explore
Quiz From the Vault
Featured Blog Post
14 Easter Pick-up Lines to Find Eggs With
hide this ad
You Might Also Like...
Tags
1-200
minute
Today's Top Quizzes in Just For Fun
Browse Just For Fun
hide this ad
Top Contributed Quizzes in Just For Fun
1
Name Just One - 10 to 1: Just For Fun
2
Avatar the Last Airbender: Logic Puzzle
3
Missing Word: 2-Letter A-Z II
4
Missing Letter Whitney Houston Songs
5
It's Magic / Witchcraft 🎩🪄🧙♀️
6
Survivor Winners Logic Puzzle
7
Missing Word: 'Of' Things A-Z
8
01-36 Logic Puzzle I
9
Quick 5-Color Logic (18)
10
Shadowhunters Protagonists Logic Quiz
Explore More
Trending Topics
Crossword
Marvel
Harry Potter
Anime
Kpop
NBA
Disney
Country
Song
Puzzle
NFL
Pokémon
The Office
Soccer
WWE
hide this ad
More By:
soccershark
Quiz
Plays
Rating
Category
Featured
Created
Can you name the some apple apps?
303
1.67
Gaming
Nov 7, 2011
can you name 10 harry potter charaters
169
2.33
Just For Fun
Mar 16, 2012
can you type the numbers in from 1-150 in 4 minutes
115
3.00
Just For Fun
Nov 14, 2011
Go to Creator's Profile
Score Distribution
Quiz Creator Spotlight
soccershark
Follow
Send a Message
Quizzes Created
-
Created Quiz Play Count
-
More By This Creator
Popular Quizzes Today
1
Colored Red Africa Blitz
2
Find the US States - No Outlines Minefield
3
Find the 'City' Movie
4
5x2 Blitz: Bands
5
The Countries of the World
6
Find the US States
7
Find the Countries of Europe - No Outlines Minefield
8
US States
More Just For Fun Quizzes
One, Two...Not Three XVI
Published
Trending Quizzes
Colored Red Europe Blitz I
Colored Red Europe Blitz II
Colored Red Africa Blitz II
Colored Red Europe Blitz III
Colored Red Africa Blitz III
Recently Updated
How Do You Spell That?
pecheneg
Godzilla Movies
pecheneg
Grab Bag: 4-10 Letters
pecheneg
2024 March Madness Bracket
pecheneg
Famous TV Couples
Peacemaker
Champions League XIs: Real Madrid
pecheneg
Largest US Cities 1790-2010
pecheneg
Rides in Walt Disney World
pecheneg
Most Oscar Losses (Acting)
pecheneg
Beyoncé Albums
pecheneg
Trending Topics
Anime
Kpop
Marvel
Crossword
Disney
Harry Potter
NBA
Pokémon
Country
The Office
WWE
NFL
Song
Puzzle
Soccer
Your Account Isn't Verified!
In order to create a playlist on Sporcle, you need to verify the email address you used during registration. Go to your
Sporcle Settings
to finish the process.
Report this User
Report this user for behavior that violates our
Community Guidelines
.
Details:
Send Report
Go to the Sporcle.com Mobile Site →
Comments